| 000 | 00000nam 2200000za 4500 |
| 001 | 9.663264 |
| 003 | CaOODSP |
| 005 | 20250128101705 |
| 007 | ta |
| 008 | 150407|2001||||xxc||||| f|0| 0 fre d |
| 020 | |a0-662-66131-1 |
| 040 | |aCaOODSP|bfre |
| 041 | |aeng |
| 041 | |afre |
| 043 | |an-cn--- |
| 086 | 1 |aSF31-57/2001 |
| 110 | 1 |aCanada. |bBureau du Commissaire aux langues officielles. |
| 245 | 13|aLa gouvernance des minorités de langue officielle au Canada : |bune étude préliminaire / |cpar Linda Cardinal et Marie-Ève Hudon. |
| 260 | |aOttawa - Ontario : |bCommissariat aux langues officielles |c2001. |
| 300 | |aTexte français, 76p. : |btableaux ; |c28 cm. |
| 504 | |aBibliographie. |
| 546 | |aBilingue |
| 563 | |aCouverture souple |
| 590 | |a01-49|b2001-12-07 |
| 691 | 07|aMinorité linguistique|2gcpds |
| 691 | 07|aLangue officielle|2gcpds |
| 691 | 07|aGouvernement fédéral|2gcpds |
| 720 | 1 |aCardinal, Linda |
| 776 | 0#|tLa gouvernance des minorités de langue officielle au Canada : |w(CaOODSP)9.922005 |
| 791 | |tThe governance of Canada's official language minorities : |eeng|w(CaOODSP)9.663263 |